Statistiken für Stadtbezirke von München (mit Karte)

Klicken Sie hier um das Quiz zu spielen!

Allgemein

  • Dieses Quiz wurde 147 mal gespielt
  • Das Durchschnittsergebnis liegt bei 13 aus 25

Antworten auf der Karte

Die Antworten werden auf der Karte rot bzw. grün angezeigt, abhängig davon wie oft sie richtig erraten wurden.
 

Antwortstatistiken

Stadtbezirk% Korrekt
Schwabing-Freimann
76%
Schwabing-West
75%
Pasing-Obermenzing
68%
Laim
64%
Trudering-Riem
63%
Altstadt-Lehel
61%
Maxvorstadt
58%
Sendling
58%
Sendling-Westpark
58%
Au-Haidhausen
54%
Neuhausen-Nymphenburg
51%
Feldmoching-Hasenbergl
50%
Berg am Laim
49%
Ramersdorf-Perlach
49%
Bogenhausen
48%
Thalkirchen-Obersendling-Forstenried-Fürstenried-Solln
48%
Moosach
47%
Ludwigsvorstadt-Isarvorstadt
45%
Allach-Untermenzing
41%
Untergiesing-Harlaching
39%
Aubing-Lochhausen-Langwied
38%
Hadern
36%
Milbertshofen-Am Hart
35%
Obergiesing-Fasangarten
34%
Schwanthalerhöhe
34%

Verteilung der Resultate

Perzentil nach korrekt beantworteten Fragen

Anzahl Personen mit jedem Resultat

Ihre Resultats-Entwicklung

Sie haben dieses Quiz noch nicht gespielt